|
|
|
|
| LEADER |
00000nas a22000001 4500 |
| 001 |
ssj0007084 |
| 003 |
WaSeSS |
| 005 |
20200512172242.0 |
| 006 |
m d |
| 007 |
cr n |
| 008 |
750914c19509999fluqr p s 0 a0eng c |
| 010 |
|
|
|a sf 80000642
|
| 016 |
7 |
|
|a 012418844
|2 Uk
|
| 022 |
|
|
|l 0548-1457
|y 0548-1457
|
| 035 |
|
|
|a (WaSeSS)ssj0007084
|
| 037 |
|
|
|b Negro Educational Review, inc., P.O. Box 2895, General Mail Center, Jacksonville, FL 32203
|
| 040 |
|
|
|a MUL
|b eng
|c MUL
|d YUS
|d NYG
|d OCL
|d DLC
|d AIP
|d NSD
|d NST
|d IUL
|d OCL
|d OCLCQ
|d DLC
|d OCLCQ
|d ORZ
|d UKMGB
|d OCLCQ
|d OCLCF
|d OCLCO
|d GILDS
|d OCLCQ
|d U3G
|d NJR
|d WaSeSS
|
| 042 |
|
|
|a pcc
|a nsdp
|
| 050 |
0 |
0 |
|a LC2701
|b .N43
|
| 082 |
1 |
4 |
|a 371
|2 11
|
| 210 |
0 |
|
|a Negro educ. rev.
|
| 222 |
|
4 |
|a The Negro educational review
|
| 245 |
0 |
4 |
|a The Negro educational review
|h [electronic resource].
|
| 260 |
|
|
|a [Jacksonville, Fla.],
|b [Negro Educational Review, etc.]
|
| 310 |
|
|
|a Quarterly
|
| 362 |
0 |
|
|a v. 1- Jan. 1950-
|
| 506 |
|
|
|a License restrictions may limit access.
|
| 515 |
|
|
|a Vol. 40, no. 3-v. 42, no. 4 never published.
|
| 550 |
|
|
|a Issued 1950-54 by the National Teachers' Research Association.
|
| 555 |
|
|
|a Vols. 1-10, 1950-59, in v. 10.
|
| 650 |
|
0 |
|a African Americans
|x Education
|v Periodicals.
|
| 650 |
|
7 |
|a African Americans
|x Education.
|2 fast
|0 (OCoLC)fst00799600
|
| 655 |
|
0 |
|a Electronic journals.
|
| 710 |
2 |
|
|a National Teachers' Research Association.
|
| 850 |
|
|
|a AAP
|a CU-Riv
|a DeU
|a InU
|a LC
|a NcRS
|a NcU
|a NjR
|a Vi
|a ViBlbV
|a WyU
|
| 853 |
2 |
0 |
|8 1
|a v.
|b no.
|u 4
|v r
|i (year)
|w q
|
| 856 |
4 |
0 |
|z Full text available from Research Library: 01/01/2004 to present
|u https://search.proquest.com/publication/46710
|
| 863 |
4 |
1 |
|8 1.1
|a <23>
|b <1>
|i <1972>
|